Quiz de opción múltiple – Barcelona - Estadísticas

Estadísticas generales
  • Esta prueba ha sido intentada 2.408 veces
  • La puntuación promedio es 7 de 10
Estadísticas de respuestas
Pregunta Respuesta % Correcto
¿Quién es el máximo goleador de la historia del FC Barcelona? Lionel Messi
97%
¿Cuándo se celebraron en Barcelona los Juegos Olímpicos de Verano? 1992
88%
¿Cuál de estos monumentos NO puede ver en Barcelona?
86%
¿Cuál de estas zonas se encuentra a lo largo de la playa? Barceloneta
85%
¿Qué bulevar de Barcelona es conocido por sus artistas callejeros y su bullicioso ambiente? La Rambla
75%
¿Qué animal representa la famosa estatua del Park Güell? Salamandra
74%
¿Qué río desemboca en el Mediterráneo a la altura de Barcelona? Llobregat
69%
¿Qué ex primer ministro francés se presentó sin éxito a las elecciones municipales de Barcelona en 2019? Manuel Valls
58%
¿Qué artista tiene un museo en Barcelona con 4.251 obras suyas? Pablo Picasso
32%
¿Cuánto tiempo hace aproximadamente que se está construyendo la Sagrada Familia? 140 años
22%
No se encontraron pruebas coincidentes
Distribución de puntuación
Porcentaje de gente con cada puntuación
Porcentaje por número respondido
Historial de tus puntuaciones
No has intentado esta prueba.